00445nam a2200145 i 4500001000300000100001800003245006300021260002100084700001900105040000800124041000800132080002000140008004100160856009800201bg1 aBIZAM, Gyorgy 0aGry i logika :b85 zadań /cGyorgy Bizam, Jonas Herczeg. aWarszawa,c1975.1 aHERCZEG, Jonas cBPK apol a793.4/.7:519.83 s pl f |000 0 pol  uhttp://koha.tu.koszalin.pl/cgi-bin/koha/opac-detail.pl?biblionumber=26854yKatalog online BPK